Вып. 4; Пневматика и гидравлика; Приводы и системы управления

Détails bibliographiques
Parent link:Пневматика и гидравлика.— , 1973-1990
Приводы и системы управления: [сборник статей]/ под ред. Е. В. Герц. Вып. 4
Langue:russe
Publié: 1977
Sujets:
Format: Livre
KOHA link:https://koha.lib.tpu.ru/cgi-bin/koha/opac-detail.pl?biblionumber=332495

MARC

LEADER 00000nam2a2200000 4500
001 332495
005 20231102004448.0
035 |a (RuTPU)RU\TPU\book\358428 
035 |a RU\TPU\book\358426 
090 |a 332495 
100 |a 20170524d1977 k y0rusy50 ca 
101 0 |a rus 
102 |a RU 
105 |a a z 001zy 
200 0 |a Вып. 4 
210 |d 1977 
215 |a 280 с.  |c ил. 
320 |a Библиогр. в конце статей 
461 1 |0 (RuTPU)RU\TPU\book\50830  |t Пневматика и гидравлика  |d 1973-1990 
461 |t Приводы и системы управления  |o [сборник статей]  |f под ред. Е. В. Герц  |v Вып. 4 
606 1 |a Пневматические приводы  |2 stltpush  |3 (RuTPU)RU\TPU\subj\49444  |9 68242 
606 1 |a Гидравлические приводы  |2 stltpush  |3 (RuTPU)RU\TPU\subj\6501  |9 34377 
610 1 |a пневматика 
610 1 |a гидравлика 
610 1 |a системы управления 
610 1 |a приводы 
610 1 |a расчеты 
610 1 |a станкостроение 
610 1 |a устройства 
610 1 |a датчики 
610 1 |a теплообмен 
675 |a 62-85  |v 3 
675 |a 62-82  |v 3 
801 1 |a RU  |b 63413507  |c 20030319  |g PSBO 
801 2 |a RU  |b 63413507  |c 20170609  |g PSBO 
942 |c BK